Famoust Palaces & Castles - Statistics

General Stats
  • This quiz has been taken 31 times
  • The average score is 21 of 30
Answer Stats
Palace/Castle Country % Correct
Buckingham Palace United Kingdom
97%
Alhambra Spain
93%
Prague Castle Czechia
90%
Grand Kremlin Palace Russia
90%
Windsor Caslte United Kingdom
90%
Schönbrunn Palace Austria
86%
The Forbidden City China
86%
Louvre Palace France
86%
Palace of Versailles France
86%
Neuschwanstein Castle Germany
86%
Winter Palace Russia
86%
Osaka Castle Japan
83%
El Escorial Spain
83%
Hohenzollern Castle Germany
76%
Buda Castle Hungary
76%
Doge's Palace Italy
76%
Palace of El Pardo Spain
72%
Kensington Palace United Kingdom
72%
Amalienborg Denmark
66%
Charlottenburg Palace Germany
66%
Apostolic Palace Vatican City
66%
Chapultepec Castle Mexico
62%
Peterhof Palace Russia
59%
Topkapi Palace Turkey
55%
Holyrood Palace United Kingdom
52%
Pena Palace Portugal
48%
Mysore Palace India
45%
Potala Palace China
38%
ʻIolani Palace United States
21%
Grand Palace Thailand
10%
No matching quizzes found
Score Distribution
Percent of People with Each Score
Percentile by Number Answered
Your Score History
You have not taken this quiz